[Event "RUS-chT 14th"]
[Site "Sochi"]
[Date "2007.05.04"]
[Round "3"]
[White "Korneev, Oleg"]
[Black "Sorokin, Maxim"]
[Result "1/2-1/2"]
[WhiteElo "2565"]
[BlackElo "2517"]
[PlyCount "119"]
[EventDate "2007.05.02"]
[EventType "team-tourn"]
[EventRounds "9"]
[EventCountry "RUS"]
[SourceTitle "EXT 2020"]
[Source "ChessBase"]
[SourceDate "2019.10.17"]
[SourceVersion "1"]
[SourceVersionDate "2019.10.17"]
[SourceQuality "1"]
[WhiteTeam "Saransk TPS"]
[BlackTeam "Nizhny Tagil Politekhnik"]
[WhiteTeamCountry "RUS"]
[BlackTeamCountry "RUS"]

1. e4 e5 2. Nf3 Nc6 3. Bb5 Nf6 4. 0-0 Nxe4 5. d4 Nd6 6. Bxc6 dxc6 7. dxe5 Nf5 8. Qxd8+ Kxd8 9. Nc3 Ne7 10. Bf4 Bg4 11. Nd4 c5 12. Nde2 b6 13. h3 Bf5 14. Rad1+ Kc8 15. Rd2 h5 16. Ng3 Be6 17. Nge4 Ng6 18. Bh2 Be7 19. Nd5 h4 20. f4 Bf5 21. Nf2 Bf8 22. Ne3 Ne7 23. Nfg4 g6 24. Nxf5 Nxf5 25. Kf2 Be7 26. Kf3 Kb7 27. Bg1 Rad8 28. Rfd1 Rxd2 29. Rxd2 Kc6 30. c3 b5 31. Ne3 Nxe3 32. Bxe3 c4 33. Bd4 a5 34. Ke4 Rh5 35. Rf2 Rf5 36. Rf3 Kd7 37. Rf2 Ke6 38. Be3 g5 39. fxg5 Rxe5+ 40. Kf3 Bxg5 41. Bxg5 Rxg5 42. Re2+ Kf6 43. Re4 Rd5 44. Rxh4 Rd2 45. a4 Rxb2 46. axb5 Rxb5 47. Rxc4 Rb7 48. Ke4 Ra7 49. Ra4 Ke6 50. g4 f6 51. h4 Ra6 52. c4 c5 53. h5 Rd6 54. Rxa5 Rd4+ 55. Kf3 Rxc4 56. Ra8 Rc3+ 57. Ke4 Rc4+ 58. Kf3 Rc3+ 59. Ke4 Rc4+ 60. Kf3 1/2-1/2

[Event "EU-ch 8th"]
[Site "Dresden"]
[Date "2007.04.12"]
[Round "9"]
[White "Balogh, Csaba"]
[Black "Sorokin, Maxim"]
[Result "1/2-1/2"]
[WhiteElo "2617"]
[BlackElo "2517"]
[PlyCount "97"]
[EventDate "2007.04.03"]
[EventType "swiss"]
[EventRounds "11"]
[EventCountry "GER"]
[SourceTitle "CBM 118"]
[Source "ChessBase"]
[SourceDate "2007.05.31"]
[SourceVersion "1"]
[SourceVersionDate "2007.05.31"]
[SourceQuality "1"]

1. e4 e5 2. Nf3 Nc6 3. Bb5 Nf6 4. d3 d6 5. 0-0 Bd7 6. Re1 g6 7. d4 Bg7 8. d5 Ne7 9. Bxd7+ Nxd7 10. Be3 0-0 11. c4 Kh8 12. Nc3 Ng8 13. Nd2 f5 14. f3 Bh6 15. Bf2 a5 16. c5 Nxc5 17. Bxc5 Bxd2 18. Qxd2 dxc5 19. exf5 Rxf5 20. Ne4 Nf6 21. Ng3 Rf4 22. Rxe5 Rd4 23. Qc3 b6 24. Rae1 Nxd5 25. Qb3 Qd6 26. Qb5 Nf6 27. Re6 Qd7 28. Qe2 Rf8 29. Qe5 Rd1 30. Rxd1 Qxd1+ 31. Kf2 Qd4+ 32. Qxd4 cxd4 33. Ne2 d3 34. Nc3 Ng4+ 35. Ke1 Nxh2 36. Re4 g5 37. Rd4 g4 38. fxg4 Rf1+ 39. Kd2 c5 40. Rd8+ Kg7 41. Rd7+ Kg6 42. Rd6+ Kg5 43. Kxd3 Rg1 44. Rxb6 Rxg2 45. Ne4+ Kxg4 46. Nf6+ Kf5 47. Nxh7 Ng4 48. Kc4 Ne5+ 49. Kc3 1/2-1/2

[Event "EU-ch 8th"]
[Site "Dresden"]
[Date "2007.04.05"]
[Round "3"]
[White "Durarbayli, Vasif"]
[Black "Sorokin, Maxim"]
[Result "1-0"]
[WhiteElo "2368"]
[BlackElo "2517"]
[PlyCount "91"]
[EventDate "2007.04.03"]
[EventType "swiss"]
[EventRounds "11"]
[EventCountry "GER"]
[SourceTitle "CBM 118"]
[Source "ChessBase"]
[SourceDate "2007.05.31"]
[SourceVersion "1"]
[SourceVersionDate "2007.05.31"]
[SourceQuality "1"]

1. e4 c6 2. d4 d5 3. Nc3 dxe4 4. Nxe4 Bf5 5. Ng3 Bg6 6. h4 h6 7. Nf3 Nd7 8. h5 Bh7 9. Bd3 Bxd3 10. Qxd3 e6 11. Bd2 Ngf6 12. 0-0-0 Be7 13. Ne4 Nxe4 14. Qxe4 Nf6 15. Qe2 Qd5 16. c4 Qe4 17. Qxe4 Nxe4 18. Be3 0-0 19. Ne5 Rfd8 20. g4 Rac8 21. f3 Nd6 22. b3 f5 23. Ng6 Bf6 24. Rhe1 b5 25. Bf4 Kf7 26. c5 Ne8 27. Be5 fxg4 28. fxg4 Nc7 29. Kc2 Nd5 30. a3 Rd7 31. Rd3 Re8 32. Rf3 Kg8 33. Ref1 a5 34. Kd3 Red8 35. Bd6 Ra7 36. Re1 a4 37. b4 Re8 38. Ke4 Raa8 39. Ref1 Rad8 40. Ne5 Rc8 41. Nd7 Be7 42. Be5 Bg5 43. Rf7 Bf6 44. Nxf6+ Nxf6+ 45. R7xf6 gxf6 46. Rxf6 1-0

[Event "RUS-ch sf Urals 60th"]
[Site "Nizhnij Tagil"]
[Date "2007.03.22"]
[Round "9"]
[White "Demin, Vladimir"]
[Black "Sorokin, Maxim"]
[Result "1/2-1/2"]
[WhiteElo "2441"]
[BlackElo "2547"]
[PlyCount "75"]
[EventDate "2007.03.14"]
[EventType "swiss"]
[EventRounds "9"]
[EventCountry "RUS"]
[SourceTitle "CBM 117 Extra"]
[Source "ChessBase"]
[SourceDate "2007.05.09"]
[SourceVersion "1"]
[SourceVersionDate "2007.05.09"]
[SourceQuality "1"]

1. Nf3 Nf6 2. c4 g6 3. Nc3 c5 4. e4 Bg7 5. d4 0-0 6. Be2 cxd4 7. Nxd4 Nc6 8. Be3 b6 9. 0-0 Bb7 10. f3 e6 11. Rc1 Qe7 12. Nxc6 Bxc6 13. Bf4 Ne8 14. Qd2 a6 15. Be3 Rb8 16. a3 Nc7 17. Bf4 e5 18. Bg5 Bf6 19. Bh6 Rfc8 20. Nd5 Nxd5 21. cxd5 Bb7 22. Be3 b5 23. Rxc8+ Rxc8 24. Rc1 d6 25. Rxc8+ Bxc8 26. Qc1 Qb7 27. Qc3 Bd8 28. f4 Qc7 29. Qxc7 Bxc7 30. g4 exf4 31. Bxf4 f6 32. Kg2 Kf7 33. h4 Ke7 34. Be3 Ba5 35. b4 Bd8 36. Kg3 Kf7 37. Bd4 h6 38. Be3 1/2-1/2

[Event "RUS-ch sf Urals 60th"]
[Site "Nizhnij Tagil"]
[Date "2007.03.20"]
[Round "7"]
[White "Sorokin, Maxim"]
[Black "Krutko, Anatoly"]
[Result "1-0"]
[WhiteElo "2547"]
[BlackElo "2351"]
[PlyCount "70"]
[EventDate "2007.03.14"]
[EventType "swiss"]
[EventRounds "9"]
[EventCountry "RUS"]
[SourceTitle "CBM 117 Extra"]
[Source "ChessBase"]
[SourceDate "2007.05.09"]
[SourceVersion "1"]
[SourceVersionDate "2007.05.09"]
[SourceQuality "1"]

1. e4 c5 2. Nf3 e6 3. d4 cxd4 4. Nxd4 Nc6 5. Nc3 Qc7 6. f4 a6 7. Nxc6 bxc6 8. e5 d6 9. exd6 Bxd6 10. Ne4 Bb4+ 11. c3 Be7 12. Bd3 Nf6 13. 0-0 0-0 14. Nxf6+ Bxf6 15. Be3 c5 16. Qh5 g6 17. Qxc5 Qb8 18. Bd4 Bxd4+ 19. Qxd4 Ra7 20. b4 Rd7 21. Qe3 Rfd8 22. Rfd1 a5 23. b5 Bb7 24. c4 Qa8 25. Be2 Bxg2 26. Rxd7 Rxd7 27. c5 a4 28. Rc1 Rc7 29. c6 Bxc6 30. Kf2 Qb7 31. Qc5 Bh1 32. Qxc7 Qg2+ 33. Ke3 Qe4+ 34. Kd2 Qd4+ 35. Bd3 Be4 1-0

[Event "RUS-ch sf Urals 60th"]
[Site "Nizhnij Tagil"]
[Date "2007.03.15"]
[Round "2"]
[White "Obodchuk, Andrei"]
[Black "Sorokin, Maxim"]
[Result "1/2-1/2"]
[WhiteElo "2410"]
[BlackElo "2547"]
[PlyCount "56"]
[EventDate "2007.03.14"]
[EventType "swiss"]
[EventRounds "9"]
[EventCountry "RUS"]
[SourceTitle "CBM 117 Extra"]
[Source "ChessBase"]
[SourceDate "2007.05.09"]
[SourceVersion "1"]
[SourceVersionDate "2007.05.09"]
[SourceQuality "1"]

1. d4 Nf6 2. c4 e6 3. Nf3 d5 4. Nc3 dxc4 5. e4 Bb4 6. Bg5 c5 7. Bxc4 cxd4 8. Nxd4 Bxc3+ 9. bxc3 Qa5 10. Bxf6 Qxc3+ 11. Kf1 gxf6 12. Rc1 Qa5 13. h4 Ke7 14. Rh3 Rd8 15. Rd3 Nc6 16. Nxc6+ bxc6 17. Rxd8 Qxd8 18. Qh5 Qd4 19. Be2 Rb8 20. Qa5 Rb2 21. Rd1 Qb6 22. Qa3+ c5 23. e5 fxe5 24. Qg3 Rb1 25. Qg5+ Kf8 26. Qh6+ Ke7 27. Qg5+ Kf8 28. Qh6+ Ke7 1/2-1/2

[Event "Moscow op 03rd"]
[Site "Moscow"]
[Date "2007.02.01"]
[Round "6"]
[White "Sorokin, Maxim"]
[Black "Shimanov, Aleksandr"]
[Result "1-0"]
[WhiteElo "2547"]
[BlackElo "2419"]
[PlyCount "39"]
[EventDate "2007.01.27"]
[EventType "swiss"]
[EventRounds "9"]
[EventCountry "RUS"]
[SourceTitle "CBM 116 Extra"]
[Source "ChessBase"]
[SourceDate "2007.03.07"]
[SourceVersion "1"]
[SourceVersionDate "2007.03.07"]
[SourceQuality "1"]

1. c4 c6 2. Nf3 d5 3. e3 Nf6 4. Nc3 a6 5. b3 Bg4 6. Bb2 Nbd7 7. h3 Bxf3 8. Qxf3 e6 9. Qg3 Nc5 10. cxd5 cxd5 11. Be2 Nce4 12. Nxe4 Nxe4 13. Qe5 Qa5 14. 0-0 Qxd2 15. Bh5 Be7 16. Bxf7+ Kd8 17. Qxg7 Kd7 18. Rad1 Qe2 19. Qe5 Ng5 20. Bxe6+ 1-0

[Event "Polyarniy Krug op"]
[Site "Salekhard"]
[Date "2006.12.01"]
[Round "3"]
[White "Gajsin, Evgenij"]
[Black "Sorokin, Maxim"]
[Result "0-1"]
[WhiteElo "2456"]
[BlackElo "2561"]
[PlyCount "86"]
[EventDate "2006.11.29"]
[EventType "swiss"]
[EventRounds "9"]
[EventCountry "RUS"]
[SourceTitle "CBM 115 Extra"]
[Source "ChessBase"]
[SourceDate "2007.01.10"]
[SourceVersion "1"]
[SourceVersionDate "2007.01.10"]
[SourceQuality "1"]

1. e4 e5 2. Nf3 Nc6 3. Bb5 Nf6 4. 0-0 Nxe4 5. d4 Nd6 6. Bxc6 dxc6 7. dxe5 Nf5 8. Qxd8+ Kxd8 9. Nc3 Ne7 10. h3 Bf5 11. Nd4 Bg6 12. Bg5 Kc8 13. f4 c5 14. Bxe7 cxd4 15. Bxf8 dxc3 16. Bxg7 Rg8 17. Bf6 cxb2 18. Rab1 Bxc2 19. Rxb2 Bf5 20. Kh2 h5 21. Rg1 b6 22. g4 hxg4 23. hxg4 Rxg4 24. Rxg4 Bxg4 25. Rg2 Be6 26. a3 c5 27. Rg5 Kd7 28. f5 Bd5 29. Kg3 Kc6 30. Kf4 b5 31. Bg7 a5 32. e6 fxe6 33. Ke5 b4 34. f6 Ra7 35. axb4 axb4 36. Bh6 b3 37. Rg8 Rh7 38. Bg5 c4 39. Rc8+ Kb7 40. Rc5 c3 41. Rb5+ Kc6 42. Rb8 b2 43. Kd4 Ba2 0-1

[Event "Sukhumi op"]
[Site "Sukhumi"]
[Date "2006.08.08"]
[Round "5"]
[White "Sorokin, Maxim"]
[Black "Eraschenkov, Denis"]
[Result "1-0"]
[WhiteElo "2561"]
[BlackElo "2385"]
[PlyCount "45"]
[EventDate "2006.08.04"]
[EventType "swiss"]
[EventRounds "9"]
[EventCountry "GEO"]
[SourceTitle "EXT 2011"]
[Source "ChessBase"]
[SourceDate "2010.11.26"]
[SourceVersion "1"]
[SourceVersionDate "2010.11.26"]
[SourceQuality "1"]

1. Nf3 Nf6 2. c4 c5 3. Nc3 b6 4. e4 Bb7 5. e5 Ne4 6. Nb1 b5 7. cxb5 g5 8. h3 Qa5 9. Be2 h5 10. Kf1 Rg8 11. d3 g4 12. dxe4 gxf3 13. gxf3 a6 14. Nc3 axb5 15. Nxb5 Ba6 16. a4 Nc6 17. Bd2 Qb6 18. Be3 Rc8 19. f4 Nb4 20. Bxh5 Qe6 21. Qe2 c4 22. f5 Qxe5 23. Bd4 1-0

[Event "Izmailov Memorial op 10th"]
[Site "Tomsk"]
[Date "2006.07.20"]
[Round "9"]
[White "Askarov, Bakhtiyar"]
[Black "Sorokin, Maxim"]
[Result "0-1"]
[WhiteElo "2421"]
[BlackElo "2559"]
[PlyCount "118"]
[EventDate "2006.07.12"]
[EventType "swiss"]
[EventRounds "9"]
[EventCountry "RUS"]
[SourceTitle "EXT 2008"]
[Source "ChessBase"]
[SourceDate "2007.11.25"]
[SourceVersion "1"]
[SourceVersionDate "2007.11.25"]
[SourceQuality "1"]

1. e4 c5 2. Nf3 g6 3. d4 Bg7 4. dxc5 Qa5+ 5. Nbd2 Qxc5 6. c4 d6 7. Bd3 Nc6 8. 0-0 Nf6 9. Nb3 Qb6 10. h3 0-0 11. Be3 Qc7 12. Rc1 b6 13. Qe2 Bb7 14. Bb1 Rac8 15. Rfd1 Qb8 16. Nfd4 Ne5 17. Nd2 Ned7 18. b4 Rfe8 19. Nb5 a6 20. Nc3 e6 21. Nb3 Qc7 22. Nd2 Qb8 23. Nb3 Rc6 24. Na4 b5 25. cxb5 axb5 26. Nc3 Rxc3 27. Rxc3 Nxe4 28. Rcc1 Nc3 29. Rxc3 Bxc3 30. Qxb5 Nf6 31. Bf4 Qa8 32. Rc1 Bb2 33. Rc2 Ba3 34. f3 Ba6 35. Qg5 Nd5 36. Rf2 Nxf4 37. Qxf4 Qb8 38. Rd2 Bxb4 39. Rd1 d5 40. Qg4 Be2 41. Rc1 Ba3 42. Re1 Qa7+ 43. Qd4 Qxd4+ 44. Nxd4 Bc4 45. Nc6 Ra8 46. Ne5 Bc5+ 47. Kh1 Bxa2 48. Bd3 Ra3 49. Bb5 Bd6 50. Nd7 Kg7 51. g4 Rxf3 52. Kg2 Rg3+ 53. Kf2 Rxh3 54. Ra1 Ra3 55. Rc1 Ra5 56. Be2 Ra7 57. Bb5 Bc4 58. Bc6 Ra2+ 59. Ke3 g5 0-1

[Event "Izmailov Memorial op 10th"]
[Site "Tomsk"]
[Date "2006.07.17"]
[Round "6"]
[White "Sorokin, Maxim"]
[Black "Nepomniachtchi, Ian"]
[Result "0-1"]
[WhiteElo "2559"]
[BlackElo "2520"]
[PlyCount "60"]
[EventDate "2006.07.12"]
[EventType "swiss"]
[EventRounds "9"]
[EventCountry "RUS"]
[SourceTitle "EXT 2008"]
[Source "ChessBase"]
[SourceDate "2007.11.25"]
[SourceVersion "1"]
[SourceVersionDate "2007.11.25"]
[SourceQuality "1"]

1. c4 Nf6 2. Nc3 e5 3. Nf3 Nc6 4. g3 d5 5. cxd5 Nxd5 6. Bg2 Nb6 7. 0-0 Be7 8. Rb1 g5 9. d3 g4 10. Ne1 h5 11. Nc2 h4 12. Be3 Nd4 13. Qd2 c6 14. b4 a5 15. a3 f5 16. Rfc1 a4 17. Re1 Kf7 18. Nd1 Nb3 19. Qc3 Nd5 20. Qxe5 Bf6 21. Bxd5+ cxd5 22. Qf4 d4 23. Bc1 Rh5 24. e3 Ra6 25. Nxd4 Bxd4 26. exd4 Nxd4 27. Re3 Re6 28. Nc3 Nf3+ 29. Kg2 hxg3 30. Rxe6 Rxh2+ 0-1

[Event "RUS-chT 13th"]
[Site "Sochi"]
[Date "2006.04.30"]
[Round "11"]
[White "Amonatov, Farrukh"]
[Black "Sorokin, Maxim"]
[Result "1/2-1/2"]
[WhiteElo "2569"]
[BlackElo "2559"]
[PlyCount "30"]
[EventDate "2006.04.20"]
[EventType "team-tourn"]
[EventRounds "11"]
[EventCountry "RUS"]
[SourceTitle "EXT 2020"]
[Source "ChessBase"]
[SourceDate "2019.10.17"]
[SourceVersion "1"]
[SourceVersionDate "2019.10.17"]
[SourceQuality "1"]
[WhiteTeam "Samara Termosteps"]
[BlackTeam "Samara Yunilain"]
[WhiteTeamCountry "RUS"]
[BlackTeamCountry "RUS"]

1. e4 e5 2. Nf3 Nc6 3. d4 exd4 4. Nxd4 Bc5 5. Be3 Qf6 6. c3 Nge7 7. Bc4 Ne5 8. Be2 Qg6 9. 0-0 d6 10. f3 0-0 11. Kh1 Bb6 12. a4 N5c6 13. Nd2 f5 14. Bg1 Bd7 15. Bd3 Kh8 1/2-1/2

[Event "RUS-chT 13th"]
[Site "Sochi"]
[Date "2006.04.26"]
[Round "7"]
[White "Khairullin, Ildar"]
[Black "Sorokin, Maxim"]
[Result "1/2-1/2"]
[WhiteElo "2544"]
[BlackElo "2559"]
[PlyCount "25"]
[EventDate "2006.04.20"]
[EventType "team-tourn"]
[EventRounds "11"]
[EventCountry "RUS"]
[SourceTitle "EXT 2020"]
[Source "ChessBase"]
[SourceDate "2019.10.17"]
[SourceVersion "1"]
[SourceVersionDate "2019.10.17"]
[SourceQuality "1"]
[WhiteTeam "Sankt Petersburg FINEK"]
[BlackTeam "Samara Yunilain"]
[WhiteTeamCountry "RUS"]
[BlackTeamCountry "RUS"]

1. e4 e5 2. Nf3 Nc6 3. Bb5 Nf6 4. d3 d6 5. c3 g6 6. Nbd2 Bg7 7. 0-0 0-0 8. Re1 Bd7 9. Ba4 Nh5 10. Nf1 Qe8 11. Ne3 Nf4 12. Bb3 Kh8 13. Nd5 1/2-1/2

[Event "RUS-chT 13th"]
[Site "Sochi"]
[Date "2006.04.21"]
[Round "2"]
[White "Sakaev, Konstantin"]
[Black "Sorokin, Maxim"]
[Result "1-0"]
[WhiteElo "2637"]
[BlackElo "2559"]
[PlyCount "55"]
[EventDate "2006.04.20"]
[EventType "team-tourn"]
[EventRounds "11"]
[EventCountry "RUS"]
[SourceTitle "EXT 2020"]
[Source "ChessBase"]
[SourceDate "2019.10.17"]
[SourceVersion "1"]
[SourceVersionDate "2019.10.17"]
[SourceQuality "1"]
[WhiteTeam "Sverdlovsk Ural region"]
[BlackTeam "Samara Yunilain"]
[WhiteTeamCountry "RUS"]
[BlackTeamCountry "RUS"]

1. d4 d5 2. Nf3 e6 3. c4 dxc4 4. e3 c5 5. Bxc4 Nf6 6. 0-0 a6 7. Bb3 Nc6 8. Nc3 Be7 9. Qe2 Qc7 10. dxc5 Bxc5 11. Bd2 0-0 12. Rac1 Ba7 13. Bc2 Rd8 14. Ne4 Qe7 15. Nxf6+ Qxf6 16. Bc3 Qe7 17. Rfd1 Bd7 18. Qd3 g6 19. Qe4 Be8 20. Qf4 Rxd1+ 21. Rxd1 Bb8 22. Qh6 f6 23. Bb3 Ne5 24. Nd4 Nf7 25. Qh4 e5 26. Nf5 gxf5 27. Bb4 Qc7 28. Qh6 1-0

[Event "RUS-chT 13th"]
[Site "Sochi"]
[Date "2006.04.20"]
[Round "1"]
[White "Grigoriants, Sergey"]
[Black "Sorokin, Maxim"]
[Result "1/2-1/2"]
[WhiteElo "2568"]
[BlackElo "2559"]
[PlyCount "67"]
[EventDate "2006.04.20"]
[EventType "team-tourn"]
[EventRounds "11"]
[EventCountry "RUS"]
[SourceTitle "EXT 2020"]
[Source "ChessBase"]
[SourceDate "2019.10.17"]
[SourceVersion "1"]
[SourceVersionDate "2019.10.17"]
[SourceQuality "1"]
[WhiteTeam "Moscow Youth"]
[BlackTeam "Samara Yunilain"]
[WhiteTeamCountry "RUS"]
[BlackTeamCountry "RUS"]

1. Nf3 d5 2. c4 e6 3. d4 dxc4 4. e3 a6 5. Bxc4 c5 6. 0-0 Nf6 7. Bd3 Nbd7 8. Qe2 b6 9. Rd1 Bb7 10. dxc5 Bxc5 11. b3 0-0 12. Bb2 Qe7 13. Nbd2 Rfd8 14. Nc4 Rac8 15. h3 Bd5 16. Ncd2 a5 17. Ba6 Ra8 18. Rac1 Bxf3 19. Nxf3 Ba3 20. Bb5 Bxb2 21. Qxb2 Rac8 22. Rxc8 Rxc8 23. Qd4 Rc7 24. Ne5 Nxe5 25. Qxe5 Kf8 26. Bc4 Qc5 27. Qf4 Ke7 28. a4 Rd7 29. Rxd7+ Nxd7 30. Qe4 Nf6 31. Qb7+ Kf8 32. Qb8+ Ke7 33. Qb7+ Kf8 34. Qb8+ 1/2-1/2

[Event "Cappelle op 22nd"]
[Site "Cappelle la Grande"]
[Date "2006.02.25"]
[Round "9"]
[White "Sorokin, Maxim"]
[Black "Jaracz, Pawel"]
[Result "1/2-1/2"]
[WhiteElo "2560"]
[BlackElo "2486"]
[PlyCount "52"]
[EventDate "2006.02.18"]
[EventType "swiss"]
[EventRounds "10"]
[EventCountry "FRA"]
[SourceTitle "CBM 110 Extra"]
[Source "ChessBase"]
[SourceDate "2006.03.10"]
[SourceVersion "2"]
[SourceVersionDate "2006.03.10"]
[SourceQuality "1"]

1. Nf3 Nf6 2. c4 e6 3. g3 d5 4. Bg2 dxc4 5. Qa4+ c6 6. Qxc4 b5 7. Qb3 Bb7 8. a4 a6 9. 0-0 Nbd7 10. Nc3 Rc8 11. d3 Be7 12. axb5 cxb5 13. Bg5 Nc5 14. Qd1 0-0 15. d4 Nce4 16. Bxf6 Nxf6 17. e3 Qb6 18. Ne5 Bxg2 19. Kxg2 Bb4 20. Qd3 Qb7+ 21. Kg1 Bxc3 22. bxc3 Ne4 23. Rfc1 Ng5 24. Qf1 f6 25. h4 fxe5 26. hxg5 Rf3 1/2-1/2

[Event "Cappelle op 22nd"]
[Site "Cappelle la Grande"]
[Date "2006.02.23"]
[Round "7"]
[White "Sorokin, Maxim"]
[Black "Jakubowski, Krzysztof"]
[Result "1/2-1/2"]
[WhiteElo "2560"]
[BlackElo "2504"]
[PlyCount "57"]
[EventDate "2006.02.18"]
[EventType "swiss"]
[EventRounds "10"]
[EventCountry "FRA"]
[SourceTitle "CBM 110 Extra"]
[Source "ChessBase"]
[SourceDate "2006.03.10"]
[SourceVersion "2"]
[SourceVersionDate "2006.03.10"]
[SourceQuality "1"]

1. d4 Nf6 2. Nf3 d6 3. g3 Bg4 4. Bg2 Nbd7 5. c4 c6 6. Nc3 e5 7. 0-0 Bxf3 8. Bxf3 Be7 9. d5 c5 10. e4 h5 11. h4 a6 12. Rb1 g6 13. Bg2 Nh7 14. Bh3 Nhf8 15. f4 Bf6 16. Qf3 Qe7 17. b4 cxb4 18. Rxb4 Rb8 19. Rb2 exf4 20. gxf4 Bd4+ 21. Kh1 Qxh4 22. Rd2 Bg7 23. Rh2 Qe7 24. Ba3 Bxc3 25. Qxc3 f6 26. Re2 b5 27. cxb5 Rxb5 28. e5 fxe5 29. fxe5 1/2-1/2

[Event "Cappelle op 22nd"]
[Site "Cappelle la Grande"]
[Date "2006.02.21"]
[Round "5"]
[White "Sorokin, Maxim"]
[Black "Starostits, Ilmars"]
[Result "1-0"]
[WhiteElo "2560"]
[BlackElo "2493"]
[PlyCount "101"]
[EventDate "2006.02.18"]
[EventType "swiss"]
[EventRounds "10"]
[EventCountry "FRA"]
[SourceTitle "CBM 110 Extra"]
[Source "ChessBase"]
[SourceDate "2006.03.10"]
[SourceVersion "2"]
[SourceVersionDate "2006.03.10"]
[SourceQuality "1"]

1. d4 Nc6 2. c4 e5 3. d5 Nce7 4. Nc3 Ng6 5. g3 Bb4 6. Qc2 h5 7. h4 c6 8. Bg2 Nf6 9. Nh3 Ne7 10. 0-0 0-0 11. Bg5 Nh7 12. Ne4 cxd5 13. cxd5 d6 14. Rac1 Nxg5 15. Nhxg5 Nf5 16. Bh3 g6 17. Qa4 Ba5 18. Bxf5 Bxf5 19. Nxd6 Bd2 20. Nxf5 gxf5 21. Rc5 b6 22. Rc6 Bxg5 23. hxg5 Qxg5 24. Qh4 Qxh4 25. gxh4 Rfd8 26. Rd1 Rac8 27. Rdc1 Rxc6 28. dxc6 a5 29. f4 e4 30. Kf2 Kf8 31. a4 Ke7 32. Ke3 Rc8 33. Kd4 Kd6 34. c7 e3 35. Rc3 Rxc7 36. Rxc7 Kxc7 37. Ke5 Kc6 38. Kxf5 Kd5 39. Kg5 Ke4 40. f5 Ke5 41. f6 Ke6 42. Kxh5 Kxf6 43. Kg4 Kg6 44. Kf4 Kh5 45. Kxe3 Kxh4 46. Kf4 Kh3 47. Kf5 Kg3 48. Kf6 Kf2 49. Kxf7 Kxe2 50. Ke6 Kd3 51. Kd5 1-0

[Event "Moscow Aeroflot op-A"]
[Site "Moscow"]
[Date "2006.02.11"]
[Round "4"]
[White "Sorokin, Maxim"]
[Black "Sakaev, Konstantin"]
[Result "1/2-1/2"]
[WhiteElo "2560"]
[BlackElo "2649"]
[PlyCount "130"]
[EventDate "2006.02.08"]
[EventType "swiss"]
[EventRounds "9"]
[EventCountry "RUS"]
[SourceTitle "CBM 112"]
[Source "ChessBase"]
[SourceDate "2006.06.07"]
[SourceVersion "1"]
[SourceVersionDate "2006.06.07"]
[SourceQuality "1"]

1. d4 Nf6 2. Nf3 e6 3. c4 b6 4. g3 Ba6 5. Qa4 Bb7 6. Bg2 c5 7. dxc5 bxc5 8. 0-0 Be7 9. Nc3 0-0 10. Rd1 Qb6 11. Bf4 h6 12. Qb5 Bc6 13. Qxb6 axb6 14. Rd2 Rc8 15. a3 Ne8 16. Bxb8 Raxb8 17. Ne1 Nd6 18. Bxc6 Rxc6 19. Nb5 Nxb5 20. cxb5 Rc7 21. e4 c4 22. Nf3 Bf6 23. Rad1 Rbb7 24. e5 Be7 25. Rd4 c3 26. bxc3 Rxc3 27. R1d3 Rxa3 28. Rxd7 Rxd7 29. Rxd7 Rxf3 30. Rxe7 Rb3 31. Rb7 Rxb5 32. h4 h5 33. Kg2 Rb3 34. Kf1 Rb2 35. Kg2 Rb5 36. Kf3 Rb2 37. Ke3 Rb4 38. Kf3 Rb2 39. Ke3 b5 40. Kf3 Rb4 41. Ke3 Rb2 42. Kf3 b4 43. Ke3 b3 44. Rb8+ Kh7 45. Rb7 Kg6 46. Kf3 Rb1 47. Kf4 f6 48. exf6 gxf6 49. Ke4 b2 50. Kf4 e5+ 51. Kf3 f5 52. Kg2 Kf6 53. Rb6+ Ke7 54. Rb7+ Kd6 55. Rb6+ Kc5 56. Rb8 Kd4 57. Rb7 Kd5 58. Rb8 Kc6 59. Rb3 Kc5 60. Rb8 Kc4 61. Rb7 Kc3 62. Rc7+ Kd3 63. Rb7 e4 64. Rb8 Kd4 65. Rd8+ Ke5 1/2-1/2

[Event "Moscow Aeroflot op-A"]
[Site "Moscow"]
[Date "2006.02.08"]
[Round "1"]
[White "Alekseev, Evgeny V"]
[Black "Sorokin, Maxim"]
[Result "1-0"]
[WhiteElo "2634"]
[BlackElo "2560"]
[PlyCount "65"]
[EventDate "2006.02.08"]
[EventType "swiss"]
[EventRounds "9"]
[EventCountry "RUS"]
[SourceTitle "CBM 112"]
[Source "ChessBase"]
[SourceDate "2006.06.07"]
[SourceVersion "1"]
[SourceVersionDate "2006.06.07"]
[SourceQuality "1"]

1. e4 e5 2. Nf3 Nc6 3. Bb5 a6 4. Ba4 Nf6 5. 0-0 Be7 6. Re1 b5 7. Bb3 d6 8. c3 0-0 9. h3 Nb8 10. d4 Nbd7 11. Nbd2 Bb7 12. Bc2 c5 13. d5 c4 14. b3 Qc7 15. bxc4 bxc4 16. Rb1 Rab8 17. Qe2 Rfc8 18. Ba3 Nb6 19. Rb2 Nfd7 20. Reb1 Ba8 21. g4 Nf8 22. Nxe5 dxe5 23. Bxe7 Qxe7 24. Rxb6 Rxb6 25. Rxb6 Qa3 26. Nxc4 Qxc3 27. Bd3 Ng6 28. Qd2 Qa1+ 29. Rb1 Qd4 30. Qe3 Qc3 31. Bf1 Qc2 32. Qb3 Qxe4 33. Nd6 1-0

[Event "Chigorin Memorial 13th"]
[Site "St Petersburg"]
[Date "2005.10.18"]
[Round "4"]
[White "Sorokin, Maxim"]
[Black "Shchukin, Dmitry"]
[Result "1/2-1/2"]
[WhiteElo "2567"]
[BlackElo "2348"]
[PlyCount "55"]
[EventDate "2005.10.15"]
[EventType "swiss"]
[EventRounds "9"]
[EventCountry "RUS"]
[SourceTitle "CBM 108 Extra"]
[Source "ChessBase"]
[SourceDate "2005.11.04"]
[SourceVersion "1"]
[SourceVersionDate "2005.11.04"]
[SourceQuality "1"]

1. d4 Nf6 2. c4 c5 3. d5 b5 4. cxb5 a6 5. bxa6 Bxa6 6. Nc3 d6 7. Nf3 g6 8. g3 Bg7 9. Bg2 Nbd7 10. Rb1 0-0 11. 0-0 Qa5 12. Qc2 Rfb8 13. Rd1 Ng4 14. Bg5 Bxc3 15. bxc3 f6 16. Bf4 Bc4 17. Rxb8+ Rxb8 18. Qe4 Nge5 19. Nxe5 Nxe5 20. Bxe5 Qa4 21. Re1 dxe5 22. f4 Qxa2 23. fxe5 f5 24. Qe3 Bxd5 25. Qxc5 Bxg2 26. Kxg2 Qd2 27. Qxe7 Qxe1 28. Qe6+ 1/2-1/2

[Event "Chigorin Memorial 13th"]
[Site "St Petersburg"]
[Date "2005.10.17"]
[Round "3"]
[White "Krivonosov, Oleg"]
[Black "Sorokin, Maxim"]
[Result "1/2-1/2"]
[WhiteElo "2413"]
[BlackElo "2567"]
[PlyCount "50"]
[EventDate "2005.10.15"]
[EventType "swiss"]
[EventRounds "9"]
[EventCountry "RUS"]
[SourceTitle "CBM 108 Extra"]
[Source "ChessBase"]
[SourceDate "2005.11.04"]
[SourceVersion "1"]
[SourceVersionDate "2005.11.04"]
[SourceQuality "1"]

1. Nf3 g6 2. d4 Bg7 3. c4 c5 4. e4 Qb6 5. dxc5 Qxc5 6. Be2 d6 7. 0-0 Nc6 8. a3 Bg4 9. Be3 Qa5 10. Bd2 Qd8 11. Nc3 Nf6 12. Be3 0-0 13. Rc1 Qa5 14. Nd2 Bxe2 15. Qxe2 Nd7 16. Rfd1 Rfd8 17. Nb3 Qe5 18. Nd4 Rdc8 19. Nxc6 Rxc6 20. Bd4 Qe6 21. Bxg7 Kxg7 22. b3 a6 23. Nd5 Rac8 24. f3 f6 25. Qe3 Rc5 1/2-1/2